The High potential leader : (Record no. 361329)
[ view plain ]
| 000 -LEADER | |
|---|---|
| fixed length control field | 00509nam a2200145Ia 4500 |
| 008 - FIXED-LENGTH DATA ELEMENTS--GENERAL INFORMATION | |
| fixed length control field | 190228s9999 xx 000 0 und d |
| 020 ## - INTERNATIONAL STANDARD BOOK NUMBER | |
| International Standard Book Number | 9781119286950 |
| 100 ## - MAIN ENTRY--PERSONAL NAME | |
| Personal name | Charan, Ram. |
| 245 ## - TITLE STATEMENT | |
| Statement of responsibility, etc | Ram Charan, Geri Willigan, Deb Giffen.-- |
| Title | The High potential leader : |
| Remainder of title | how to grow fast, take on new responsibilities, and make an impact / |
| 260 ## - PUBLICATION, DISTRIBUTION, ETC. (IMPRINT) | |
| Place of publication, distribution, etc | New Jersey : |
| Name of publisher, distributor, etc | John Willey & Sons |
| Date of publication, distribution, etc | 2017 |
| 300 ## - PHYSICAL DESCRIPTION | |
| Extent | x, 227 pages. |
| 500 ## - GENERAL NOTE | |
| General note | Includes indexes. |
| 650 ## - SUBJECT ADDED ENTRY--TOPICAL TERM | |
| Topical term or geographic name as entry element | Employee motivation. |
| 650 ## - SUBJECT ADDED ENTRY--TOPICAL TERM | |
| Topical term or geographic name as entry element | Leadership. |
| Withdrawn status | Lost status | Source of classification or shelving scheme | Damaged status | Home library | Current library | Shelving location | Date acquired | Source of acquisition | Total Checkouts | Full call number | Barcode | Date last seen | Price effective from | Koha item type |
|---|---|---|---|---|---|---|---|---|---|---|---|---|---|---|
| Withdrawn | Library of Congress Classification | College Library | College Library | Reserve Section | 02/28/2019 | Library Fund | HD 57.7 .C469 2017 | C21800 | 02/28/2019 | 02/28/2019 | Books |